Giáo trình kỹ thuật lập trình C Căn bản và nâng cao

Giáo trình kỹ thuật lập trình C căn bản và nâng cao được hình thành qua nhiều năm giảng dạy của các tác giả. Ngôn ngữ lập trình C là một môn học cơ sở trong chương trình đào tạo kỹ sư, cử nhân tin học của nhiều trường đại học. Ở đây sinh...

Szczegółowa specyfikacja

Zapisane w:
Opis bibliograficzny
1. autor: Phạm, Văn Ất
Format: Książka
Język:Undetermined
Wydane: Hà Nội Bách khoa Hà Nội 2017
Hasła przedmiotowe:
Etykiety: Dodaj etykietę
Nie ma etykietki, Dołącz pierwszą etykiete!
Thư viện lưu trữ: Trung tâm Học liệu Trường Đại học Cần Thơ
LEADER 01750nam a2200217Ia 4500
001 CTU_230884
008 210402s9999 xx 000 0 und d
020 |c 135000 
082 |a 005.1330711 
082 |b Â124 
100 |a Phạm, Văn Ất 
245 0 |a Giáo trình kỹ thuật lập trình C 
245 0 |b Căn bản và nâng cao 
245 0 |c Phạm Văn Ất (Chủ biên) 
260 |a Hà Nội 
260 |b Bách khoa Hà Nội 
260 |c 2017 
520 |a Giáo trình kỹ thuật lập trình C căn bản và nâng cao được hình thành qua nhiều năm giảng dạy của các tác giả. Ngôn ngữ lập trình C là một môn học cơ sở trong chương trình đào tạo kỹ sư, cử nhân tin học của nhiều trường đại học. Ở đây sinh viên được trang bị những kiến thức cơ bản nhất về lập trình, các kỹ thuật tổ chức dữ liệu và lập trình căn bản với ngôn ngữ C. Để đáp ứng nhu cầu học tập ngôn ngữ lập trình C của sinh viên cũng như nhu cầu về tài liệu cho mọi người trong nhiều ngành khoa học và kỹ thuật cần nghiên cứu C để giải quyết các bài toán của mình, tác giả biên soạn cuốn sách này. Nội dung cuốn sách là tập hợp một cách có chọn lọc các bài giảng của các tác giả. 
650 |a C (Ngôn ngữ chương trình máy tính),C (Computer program language) 
904 |i Thủy 
980 |a Trung tâm Học liệu Trường Đại học Cần Thơ